000 00405nam a2200133Ia 4500
008 181023s9999 xx 000 0 und d
020 _a9781259254949
100 _aTillery, Bill W.
245 _cBill W. Tillery, Stephanie J. Slater, Timothy F. Slater.--
_aPhysical science /
250 _a11th ed
260 _aNew York :
_bMcGraw Hill
_c2017
300 _axvi, 632 pages.
650 _aPhysical sciences.
999 _c359378
_d359378